The new Power University (Record no. 13676)
[ view plain ]
| 000 -LEADER | |
|---|---|
| fixed length control field | 00320nam a22001217a 4500 |
| 020 ## - INTERNATIONAL STANDARD BOOK NUMBER | |
| ISBN | 9781292349428 |
| 082 ## - DEWEY DECIMAL CLASSIFICATION NUMBER | |
| Classification number | 378 |
| 100 ## - MAIN ENTRY--AUTHOR NAME | |
| Personal name | Jonathan Grant |
| 245 ## - TITLE STATEMENT | |
| Title | The new Power University |
| Remainder of title | The social purpose of higher education in the 21st century |
| 260 ## - PUBLICATION, DISTRIBUTION, ETC. (IMPRINT) | |
| Place of publication | UK |
| Name of publisher | Pearson |
| Year of publication | 2021 |
| 300 ## - PHYSICAL DESCRIPTION | |
| Number of Pages | xv, 231 pages |
| 942 ## - ADDED ENTRY ELEMENTS (KOHA) | |
| Koha item type | Books |
| Withdrawn status | Lost status | Collection code | Permanent Location | Current Location | Shelving location | Date acquired | Full call number | Accession Number | Koha item type |
|---|---|---|---|---|---|---|---|---|---|
| | | Business | MAJU | MAJU | Shelf No.A-1 | 2023-01-13 | 378 | 10763 | Books |